| 000 | 00452 a2200145 4500 | ||
|---|---|---|---|
| 003 | Nust | ||
| 005 | 20170207154031.0 | ||
| 040 | _cNust | ||
| 100 | _aWilliam C. Wake | ||
| 245 |
_aExtreme Programming Explored (E-Book) _cWilliam C. Wake |
||
| 260 |
_bTo May, Tyler, and Fiona, with love. _cCopyright 2000 |
||
| 300 | _a158 P; | ||
| 505 | _aSection 1: Programming (Page-11) Section 2: Team Practices(Page-51) Section 3: Process(Page-101) | ||
| 651 | _a(E-Book) | ||
| 942 |
_2ddc _cBK |
||
| 999 |
_c192177 _d192177 |
||